| 000 | 00348nam a2200133Ia 4500 | ||
|---|---|---|---|
| 008 | 240624s9999 xx 000 0 und d | ||
| 041 | _aeng | ||
| 082 | _a658.816 KEN | ||
| 100 | _aKENNEDY DAN S | ||
| 245 | _aNO B S PRICE STRATEGY THE ULTIMATE NO HO | ||
| 260 |
_c2011 _aUSA _bEntrepreneur Press |
||
| 300 | _axxii, 242 p.; 23 cm. | ||
| 365 |
_c _b38 |
||
| 999 |
_c31204 _d31204 |
||